|
|
|
|
| LEADER |
00896cam a2200265 a 4500 |
| 001 |
0000025063 |
| 005 |
20210427090000.0 |
| 040 |
|
|
|a mod
|
| 041 |
|
|
|a eng
|
| 020 |
0 |
0 |
|a 9789834720124
|
| 090 |
0 |
0 |
|a 621.3
|b ELE
|e 2016
|
| 245 |
1 |
0 |
|a Electrical technology
|c Aminah Othman, Zulkurnain Abdul Hamid, Ja'afar Hamid, Junaida Shaari
|
| 260 |
0 |
0 |
|a Shah Alam, Selangor
|b Oxford Fajar
|c 2016
|
| 300 |
0 |
0 |
|a viii, 206 p.
|b ill.
|c 25 cm
|
| 440 |
0 |
0 |
|a Polytechnic series
|
| 500 |
0 |
0 |
|a Includes references
|
| 650 |
0 |
0 |
|a Electrical engineering
|
| 700 |
0 |
0 |
|
| 700 |
0 |
0 |
|a Zulkurnain Abdul Hamid
|
| 700 |
0 |
0 |
|a Ja'afar Hamid
|
| 700 |
0 |
0 |
|a Junaida Shaari
|
| 852 |
0 |
0 |
|a 01
|
| 999 |
|
|
|a 0300697
|b KEMENTAH
|d BOOKS
|e Umum
|f Perpustakaan KEMENTAH
|j AVAILABLE
|q GOOD CONDITION
|
| 999 |
|
|
|a TX0009
|b KEMENTAH
|d BOOKS
|e Umum
|f Perpustakaan KEMENTAH
|j AVAILABLE
|q OLD
|
| 999 |
|
|
|a TX1131
|b KEMENTAH
|d BOOKS
|e Umum
|f Perpustakaan KEMENTAH
|j WEEDED
|q OLD
|